El ABC fiscal de los sueldos y salarios 2020

Bibliographic Details
Main Author: Martn̕ez Gutiřrez, Javier
Format: eBook
Language:Spanish
Published: Ciudad de Mx̌ico: Ediciones Fiscales ISEF, 2020
Subjects:
Online Access:Acceso restringido

MARC

LEADER 00000nam a22000007a 4500
005 20200526222511.0
007 cr|||| ||||
008 200526s2020 mx |||||s|||| 00||0 spa d
020 |a 978-607-541-211-5 
035 |a 31459 
040 |a vLex 
090 |c 10390  |d 10390 
100 1 |a Martn̕ez Gutiřrez, Javier 
245 1 2 |a El ABC fiscal de los sueldos y salarios 2020  |h [Recurso electrn̤ico] /  |c Javier Martn̕ez Gutiřrez 
256 |a Servicio en ln̕ea 
260 |a Ciudad de Mx̌ico:  |b Ediciones Fiscales ISEF,  |c 2020 
300 |a 1 recurso electrn̤ico 
500 |a La obra, EL ABC DE SUELDOS Y SALARIOS, le dar ̀respuesta a preguntas como cuǹdo debo considerar a un trabajador como tal, cm̤o debo pagar los salarios de manera semanal o quincenal, el pago de nm̤ina debe ser en efectivo, qu ̌puedo descontar a los trabajadores de su salario. Aborda temas relacionados con la Ley Federal del Trabajo, la Ley del Impuesto Sobre la Renta, la Ley del Seguro Social, la Ley del Infonavit, la Resolucin̤ Miscelǹea Fiscal, la Compilacin̤ de Criterios Normativos del SAT, adems̀ de considerar sus reglamentos. 
506 1 |a Disponible solo en los productos indicados  |d vLex Global  |d vLex Global (Academic Edition, excluding Law Schools)  |d vLex Global (U.S. Academic Edition, Law Schools)  |d vLex Global (U.S. Academic Edition, excluding Law Schools)  |d vLex Global (Academic Edition, Law Schools) 
650 0 4 |a Derecho Laboral y Seguridad Social  |z Mx̌ico 
650 0 4 |a Derecho Fiscal  |z Mx̌ico 
740 0 |a vLex Libros (Servicio en ln̕ea) 
856 4 0 |u http://vlex.com/source/abc-fiscal-de-los-sueldos-y-salarios-2020-31459  |z Acceso restringido 
942 |c BOOK 
999 0 |a Labor Law and Social Security 
999 0 |a Tax Law